000
00245nam a2200109 4500
008
160702b xxu||||| |||| 00| 0 eng d
100
_9
1787
_a
Anupam, C
245
_a
Rose
260
_a
New Delhi
_b
Arya
_c
2002
300
_a
Rose
942
_2
ddc
_c
BK
999
_c
1491
_d
1491